Aspectos laborales en la ley de concursos y quiebras (Registro nro. 3427)

Detalles MARC
000 -LEADER
fixed length control field 01234 a2200253 4500
001 - CONTROL NUMBER
control field 41214
005 - DATE AND TIME OF LATEST TRANSACTION
control field 20260407155706.0
008 - FIXED-LENGTH DATA ELEMENTS--GENERAL INFORMATION
fixed length control field 260407a2004 arg spa d
003 - CONTROL NUMBER IDENTIFIER
control field AR-UNSa-BCEJYS
040 ## - CATALOGING SOURCE
Original cataloging agency AR-UNSa-BCEJYS
Language of cataloging spa
Transcribing agency AR-UNSa-BCEJYS
080 ## - UNIVERSAL DECIMAL CLASSIFICATION NUMBER
Universal Decimal Classification number 347.736
Common auxiliary subdivision Quiebra. Insolvencia. Suspensión de pagos. Bancarrota, procedimientos. Derecho Concursal
020 ## - INTERNATIONAL STANDARD BOOK NUMBER
International Standard Book Number 950-894-428-5
041 ## - LANGUAGE CODE
Language code of text/sound track or separate title spa
100 1# - MAIN ENTRY--PERSONAL NAME
Personal name Ubeid, Julio
245 10 - TITLE STATEMENT
Title Aspectos laborales en la ley de concursos y quiebras
Name of part/section of a work las cooperativas del art. 190, L.C.Q., las empresas recuperadas
264 #1 - PRODUCTION, PUBLICATION, DISTRIBUTION, MANUFACTURE, AND COPYRIGHT NOTICE
Place of production, publication, distribution, manufacture Buenos Aires :
Name of producer, publisher, distributor, manufacturer AD-HOC
Date of production, publication, distribution, manufacture, or copyright notice 2004
300 ## - PHYSICAL DESCRIPTION
Extent 120 p.
Dimensions 23 cm.
505 ## - FORMATTED CONTENTS NOTE
Formatted contents note 1. Introducción - 2. La empresa. Los factores de la producción - 3. Las ventajas laborales en el régimen de la ley 24.522 - 4. Las pseudoventajas - 5. Las desventajas - 6. La reforma de la ley 25.589. En punto a la continuación de la explotación de la fallida por una cooperativa de trabajadores - 7. Conclusiones y propuestas
590 ## - LOCAL NOTE (RLIN)
Local note niveau_biblio:m niveau_hierar:0
700 1# - ADDED ENTRY--PERSONAL NAME
Personal name Ubeid, Flavia L.
700 1# - ADDED ENTRY--PERSONAL NAME
Personal name Zamar, H. David
856 41 - ELECTRONIC LOCATION AND ACCESS
Uniform Resource Identifier <a href="https://biblioeco.unsa.edu.ar/pmb/images/libros/aspectos_laborales.jpg">https://biblioeco.unsa.edu.ar/pmb/images/libros/aspectos_laborales.jpg</a>
Link text Imagen de portada
Electronic format type image/jpeg
942 ## - ADDED ENTRY ELEMENTS (KOHA)
Koha item type
Existencias
Withdrawn status Lost status Damaged status Not for loan Home library Current library Shelving location Date acquired Total checkouts Full call number Barcode Date last seen Price effective from Koha item type
        Biblioteca Prof. Eusebio Cleto del Rey Biblioteca Prof. Eusebio Cleto del Rey   07/04/2026   347.736 U13 L126438 07/04/2026 07/04/2026 Libro
        Biblioteca Prof. Eusebio Cleto del Rey Biblioteca Prof. Eusebio Cleto del Rey   07/04/2026   347.736 U13 L126439 07/04/2026 07/04/2026 Libro
        Biblioteca Prof. Eusebio Cleto del Rey Biblioteca Prof. Eusebio Cleto del Rey   07/04/2026   347.736 U13 L126460 07/04/2026 07/04/2026 Libro